000 01352nam a2200217Ia 4500
003 Ost
005 20260507075647.0
008 260507s9999||||xx |||||||||||||| ||und||
040 _cfsecg
041 _aara
082 _a345.620268
100 _aحجازي، عبد الفتاح بيومي
_eمؤلف
245 0 _aجريمة غسل الأموال بين الوسائط الإلكترونية ونصوص التشريع /
_c عبد الفتاح بيومي حجازي
260 _aالإسكندرية:
_bدار الفكر الجامعي,
_c2005
300 _a285 صفحة؛
_bإيضاحات ؛
_c24 سم
520 _aجريمة غسل الأموال عن طريق الوسائط الإلكترونية- جريمة غسل الأموال عبر الأنترنت- المصارف الإلكترونية- النقود الإلكترونية وغيرها من وسائل غسل الأموال لدى البنوك الإلكترونية- الوسائط الإلكترونية في جريمة غسل الأموال- جريمة غسل الأموال في القانون المصري.
653 _aالتجارة الإلكترونية- قوانين وتشريعات- مصر
653 _aجرائم الأموال- قوانين وتشريعات- مصر
653 _aغسيل الأموال- قوانين وتشريعات- مصر
942 _cكتاب
999 _c45526
_d45526